• 首页
  • 本馆介绍
  • 公告通知
  • 最新文献
  • 馆藏检索
  • 电子资源
  • 读者导购
  • 参考咨询
  • 我的图书馆
  • 登录
  • 详细信息显示
  • 放入我的书架
  • 预约/预借图书
  • 作者相关作品
  • 分类相关作品
  • 丛书相关作品
  • 出版社相关作品

书目信息

  • 表格格式
  • 工作单格式
  • 卡片格式
题名:
中文Outlook 2002及其应用
    
 
作者: 叶宝龙 主编
分册:  
出版信息: 北京   中国劳动社会保障出版社  2003.11
页数: 132页
开本: 26cm
丛书名:
单 册:
中图分类: TP393.098
科图分类:
主题词: 电子邮件软件
电子资源:
ISBN: 7-5045-4142-7
000 00793nam0 2200217 450
001 0761815768
005 20081224153122.13
010    @a7-5045-4142-7@dCNY14.00
100    @a20071225d2003 km y0chiy0120 ea
101 0  @achi
200 1  @a中文Outlook 2002及其应用@Azhong wen Outlook 2002 ji qi ying yong@f叶宝龙主编@Fye bao long zhu bian
210    @a北京@c中国劳动社会保障出版社@d2003.11
215    @a132页@d26cm
300    @a全国中等职业技术学校计算机教材
330    @a本书根据劳动和社会保障部培训就业司审定颁发的《计算机专业教学计划》编写,供中等职业技术学校计算机专业和电子类专业使用。
606 0  @a电子邮件软件
690    @aTP393.098@v4
701  0 @a叶宝龙@Aye bao long@4主编
801  0 @aCN@b大连网信软件有限公司图书馆@c20081224
905    @aBZT@dTP393.098@e1
906    @dCNY14.00@n0@r1
    
    中文Outlook 2002及其应用/叶宝龙主编.-北京:中国劳动社会保障出版社,2003.11
    132页;26cm
    全国中等职业技术学校计算机教材
    
    ISBN 7-5045-4142-7:CNY14.00
    本书根据劳动和社会保障部培训就业司审定颁发的《计算机专业教学计划》编写,供中等职业技术学校计算机专业和电子类专业使用。
●
相关链接 在五车中查询图书 在当当中查询图书 在豆瓣中查询图书


正题名:中文Outlook 2002及其应用     索取号:TP393.098/1         预约/预借

序号 登录号 条形码 馆藏地/架位号 状态 备注
1 611220   2000611220   中心书库中库/ 中库026架A面1列6层41/ [索取号:TP393.098/1] 在馆    
2 611221   2000611221   中心书库中库/ 中库026架A面1列6层40/ [索取号:TP393.098/1] 在馆    
3 611222   2000611222   中心书库中库/ 中库026架A面1列6层39/ [索取号:TP393.098/1] 在馆    
4 611223   2000611223   中心书库中库/ 中库026架A面1列6层38/ [索取号:TP393.098/1] 在馆    
5 611224   2000611224   中心书库中库/ 中库026架A面1列6层42/ [索取号:TP393.098/1] 在馆    
6 611225   2000611225   中心书库中库/ 中库026架A面1列6层32/ [索取号:TP393.098/1] 在馆    
7 611226   2000611226   中心书库中库/ 中库026架A面1列6层45/ [索取号:TP393.098/1] 在馆    
8 611227   2000611227   中心书库中库/ 中库026架A面1列6层46/ [索取号:TP393.098/1] 在馆    
9 611228   2000611228   中心书库中库/ 中库026架A面1列6层44/ [索取号:TP393.098/1] 在馆    
10 611229   2000611229   中心书库中库/ 中库026架A面1列6层43/ [索取号:TP393.098/1] 在馆    
11 693767   2000693767   中心书库中库/ 中库026架A面1列6层34/ [索取号:TP393.098/1] 在馆    
12 693768   2000693768   中心书库中库/ 中库026架A面1列6层33/ [索取号:TP393.098/1] 在馆    
13 693769   2000693769   中心书库中库/ 中库026架A面1列6层37/ [索取号:TP393.098/1] 在馆    
14 693770   2000693770   中心书库中库/ 中库026架A面1列6层36/ [索取号:TP393.098/1] 在馆    
15 693771   2000693771   中心书库中库/ 中库026架A面1列6层35/ [索取号:TP393.098/1] 在馆    
山东省滨州职业学院图书馆 欢迎您!
大连网信软件有限公司© 版权所有